|
|
|
|
| LEADER |
00000nam0a2200000 4500 |
| 001 |
63851 |
| 005 |
20231101212107.0 |
| 010 |
|
|
|a 5724506963
|
| 035 |
|
|
|a (RuTPU)RU\TPU\book\67753
|
| 090 |
|
|
|a 63851
|
| 100 |
|
|
|a 20040520d1991 m y0rusy50 ca
|
| 101 |
0 |
|
|a rus
|
| 102 |
|
|
|a RU
|
| 105 |
|
|
|a a j 001zy
|
| 200 |
1 |
|
|a Конструирование и расчет аппаратов со взвешенным слоем
|e учебное пособие
|f В. И. Муштаев, А. С. Тимонин, В. Я. Лебедев
|
| 210 |
|
|
|a Москва
|c Химия
|d 1991
|
| 215 |
|
|
|a 343 с.
|c ил.
|
| 225 |
1 |
|
|a Для высшей школы
|
| 320 |
|
|
|a Библиогр.: с. 342-343.
|
| 606 |
1 |
|
|a Химическая аппаратура
|x Конструкция и расчет
|2 stltpush
|3 (RuTPU)RU\TPU\subj\31164
|9 54093
|
| 610 |
1 |
|
|a химия
|
| 610 |
1 |
|
|a аппараты со взвешенным слоем
|
| 610 |
1 |
|
|a конструирование
|
| 610 |
1 |
|
|a расчеты
|
| 610 |
1 |
|
|a газодисперсные системы
|
| 610 |
1 |
|
|a гидродинамика
|
| 610 |
1 |
|
|a теплообмен
|
| 610 |
1 |
|
|a массообмен
|
| 610 |
1 |
|
|a вспомогательное оборудование
|
| 610 |
1 |
|
|a учебные пособия
|
| 675 |
|
|
|a 66.02.001.66(075.8)
|v 3
|
| 700 |
|
1 |
|a Муштаев
|b В. И.
|g Виктор Иванович
|
| 701 |
|
1 |
|a Тимонин
|b А. С.
|g Александр Семенович
|
| 701 |
|
1 |
|a Лебедев
|b В. Я.
|g Владимир Яковлевич
|
| 801 |
|
1 |
|a RU
|b 63413507
|c 20040520
|g PSBO
|
| 801 |
|
2 |
|a RU
|b 63413507
|c 20201021
|g PSBO
|
| 942 |
|
|
|c BK
|